[Event "Barcelona Sant Marti op-B 24th"]
[Site "Barcelona"]
[Date "2024.07.19"]
[Round "7"]
[White "Jimenez Puig, Juan Jose"]
[Black "Carrey Abellan, Enric"]
[Result "1-0"]
[WhiteElo "1700"]
[BlackElo "1841"]
[PlyCount "79"]
[EventDate "2024.07.13"]
[EventType "swiss"]
[EventRounds "9"]
[EventCountry "ESP"]
[SourceTitle "EXT 2025"]
[Source "ChessBase"]
[SourceDate "2024.10.14"]
[SourceVersion "1"]
[SourceVersionDate "2024.10.14"]
[SourceQuality "1"]

1. e4 c5 2. Nf3 e6 3. c3 Nc6 4. d4 cxd4 5. cxd4 Nf6 6. Nc3 Bb4 7. Bd3 h6 8. 0-0 a6 9. a3 Be7 10. Re1 d6 11. b4 b5 12. Bb2 Bb7 13. Qe2 0-0 14. Rad1 Qc7 15. Bc2 Rfe8 16. Qd3 Nd7 17. d5 Nce5 18. Nxe5 Nxe5 19. Qg3 Bf6 20. Bb1 Rac8 21. Ne2 Qe7 22. Nd4 Red8 23. Ba2 Nc4 24. Ba1 e5 25. Nf5 Qd7 26. Nxh6+ Kf8 27. Nf5 g6 28. Nh6 Kg7 29. Ng4 Qe7 30. Nxf6 Qxf6 31. f4 Qe7 32. fxe5 Nxe5 33. Bxe5+ Qxe5 34. Qxe5+ dxe5 35. Kf2 Rc2+ 36. Re2 Rdc8 37. Rdd2 Rxd2 38. Rxd2 Rc3 39. d6 Bxe4 40. d7 1-0

[Event "Barcelona Sant Marti op-B 24th"]
[Site "Barcelona"]
[Date "2024.07.15"]
[Round "3"]
[White "Carrey Abellan, Enric"]
[Black "Vicente Perales, Manel"]
[Result "1-0"]
[WhiteElo "1841"]
[BlackElo "1576"]
[PlyCount "57"]
[EventDate "2024.07.13"]
[EventType "swiss"]
[EventRounds "9"]
[EventCountry "ESP"]
[SourceTitle "EXT 2025"]
[Source "ChessBase"]
[SourceDate "2024.10.14"]
[SourceVersion "1"]
[SourceVersionDate "2024.10.14"]
[SourceQuality "1"]

1. d4 Nf6 2. c4 b6 3. Nc3 Bb7 4. Bg5 Ne4 5. Nxe4 Bxe4 6. e3 g6 7. Nf3 Bb7 8. Be2 Bg7 9. 0-0 0-0 10. Rc1 d6 11. Qc2 Nd7 12. b4 c5 13. bxc5 dxc5 14. d5 Nf6 15. Rfd1 Qc7 16. Bf4 Qc8 17. e4 Nh5 18. Be5 Nf6 19. Nd2 Qd8 20. Rb1 Nd7 21. Bxg7 Kxg7 22. Bg4 f6 23. f4 Nb8 24. Qc3 Bc8 25. Bf3 Nd7 26. e5 fxe5 27. fxe5 Kg8 28. d6 Rb8 29. Bd5+ 1-0

[Event "Barcelona Sant Marti op-B 24th"]
[Site "Barcelona"]
[Date "2024.07.14"]
[Round "2"]
[White "Fernandez Garcia, Josep"]
[Black "Carrey Abellan, Enric"]
[Result "0-1"]
[WhiteElo "1627"]
[BlackElo "1841"]
[PlyCount "60"]
[EventDate "2024.07.13"]
[EventType "swiss"]
[EventRounds "9"]
[EventCountry "ESP"]
[SourceTitle "EXT 2025"]
[Source "ChessBase"]
[SourceDate "2024.10.14"]
[SourceVersion "1"]
[SourceVersionDate "2024.10.14"]
[SourceQuality "1"]

1. e4 c5 2. Nc3 e6 3. g3 a6 4. Bg2 Nc6 5. d3 Be7 6. f4 d6 7. Nf3 Nf6 8. 0-0 0-0 9. h3 Rb8 10. g4 Nd7 11. Qe1 b5 12. f5 Nce5 13. Be3 Bb7 14. Nh2 Bg5 15. Qd2 Bxe3+ 16. Qxe3 Nc6 17. Ne2 Nde5 18. d4 Nc4 19. Qc1 cxd4 20. Nf3 Ne3 21. Rf2 Nxg2 22. Kxg2 Rc8 23. Ng3 exf5 24. exf5 Ne5 25. Qf4 Nxf3 26. Rxf3 Rxc2+ 27. Kg1 Bxf3 28. Qxf3 Qb6 29. Qd3 Qc6 30. f6 Qg2# 0-1

[Event "Barcelona Sant Marti op-B 24th"]
[Site "Barcelona"]
[Date "2024.07.13"]
[Round "1"]
[White "Carrey Abellan, Enric"]
[Black "Dominguez Diaz, Francisco"]
[Result "1/2-1/2"]
[WhiteElo "1841"]
[BlackElo "1614"]
[PlyCount "121"]
[EventDate "2024.07.13"]
[EventType "swiss"]
[EventRounds "9"]
[EventCountry "ESP"]
[SourceTitle "EXT 2025"]
[Source "ChessBase"]
[SourceDate "2024.10.14"]
[SourceVersion "1"]
[SourceVersionDate "2024.10.14"]
[SourceQuality "1"]

1. d4 Nf6 2. c4 g6 3. Nc3 Bg7 4. e4 d6 5. Be2 0-0 6. Bg5 c6 7. Nf3 h6 8. Bh4 Qa5 9. Nd2 Nbd7 10. 0-0 e5 11. d5 Nc5 12. Rb1 Qc7 13. f3 Nh5 14. b4 Nd7 15. Nb3 Nf4 16. dxc6 Nxe2+ 17. Qxe2 bxc6 18. b5 a5 19. bxc6 Qxc6 20. Nd5 Kh7 21. Kh1 a4 22. Nd2 Ba6 23. Rfc1 Rfb8 24. Nb4 Qc8 25. Qd3 Nc5 26. Qxd6 Bf8 27. Qxe5 Rxb4 28. Rxb4 Nd3 29. Qd5 Nxb4 30. Qxf7+ Bg7 31. Rb1 Nc6 32. Rb6 Ne5 33. Qd5 Nxc4 34. Nxc4 Bxc4 35. Qd6 Bf7 36. h3 Qc1+ 37. Kh2 Qc3 38. Bg3 Rc8 39. e5 Re8 40. f4 Re6 41. Qd8 Rxb6 42. Qxb6 Qc4 43. a3 Qa2 44. h4 Bd5 45. Bf2 Qxa3 46. h5 Qd3 47. hxg6+ Qxg6 48. Qxg6+ Kxg6 49. g4 a3 50. Kg3 Bf8 51. f5+ Kf7 52. Bd4 Bb4 53. Kh4 a2 54. g5 hxg5+ 55. Kxg5 Bd2+ 56. Kg4 Bc4 57. Kf3 Bd5+ 58. Kg4 Be4 59. Bb2 Bd3 60. Bd4 Be2+ 61. Kg3 1/2-1/2

[Event "Sant Adria de Besos op-B 5th"]
[Site "Sant Adria de Besos"]
[Date "2023.08.15"]
[Round "6"]
[White "Gupta, Sara"]
[Black "Carrey Abellan, Enric"]
[Result "1-0"]
[WhiteElo "1453"]
[BlackElo "1709"]
[PlyCount "45"]
[EventDate "2023.08.11"]
[EventType "swiss"]
[EventRounds "9"]
[EventCountry "ESP"]
[SourceTitle "EXT 2024"]
[Source "ChessBase"]
[SourceDate "2023.10.10"]
[SourceVersion "1"]
[SourceVersionDate "2023.10.10"]
[SourceQuality "1"]

1. e4 c5 2. Nc3 e6 3. f4 a6 4. a4 Nc6 5. Nf3 d6 6. g3 Nf6 7. Bg2 Be7 8. 0-0 0-0 9. h3 Rb8 10. d3 Qc7 11. g4 b5 12. g5 Nd7 13. f5 b4 14. Ne2 Nce5 15. Ng3 Nxf3+ 16. Qxf3 Ne5 17. Qh5 g6 18. Qh6 f6 19. fxg6 hxg6 20. Bf4 Rf7 21. Bxe5 Bf8 22. Qxg6+ Rg7 23. Qxf6 1-0

[Event "Barcelona Sant Marti op-B 23rd"]
[Site "Barcelona"]
[Date "2023.07.18"]
[Round "6"]
[White "Carrey Abellan, Enric"]
[Black "Navarro Garcia, Alberto"]
[Result "0-1"]
[WhiteElo "1694"]
[BlackElo "1474"]
[PlyCount "72"]
[EventDate "2023.07.13"]
[EventType "swiss"]
[EventRounds "9"]
[EventCountry "ESP"]
[SourceTitle "CBM 215 Extra"]
[Source "ChessBase"]
[SourceDate "2023.09.30"]
[SourceVersion "1"]
[SourceVersionDate "2023.09.30"]
[SourceQuality "1"]

1. d4 Nf6 2. c4 e5 3. dxe5 Ng4 4. Bf4 g5 5. Bg3 Bg7 6. Nf3 Nc6 7. Nc3 Ngxe5 8. Nxe5 Nxe5 9. e3 d6 10. Be2 0-0 11. Qc2 Be6 12. b3 Qf6 13. 0-0 Bf5 14. e4 Bg6 15. Nd5 Qd8 16. Rad1 f5 17. exf5 Bxf5 18. Qc1 h6 19. f4 Nf7 20. Bh5 c6 21. Ne3 Be6 22. f5 Bc8 23. Bxd6 Nxd6 24. c5 Qa5 25. Rxd6 Qxa2 26. f6 Qxb3 27. fxg7 Rxf1+ 28. Kxf1 Be6 29. Qc2 Qxe3 30. Be2 Kxg7 31. Qb2+ Kg8 32. Qc2 Rf8+ 33. Bf3 Kg7 34. Qb2+ Kh7 35. Qxb7+ Rf7 36. Qxc6 Bc4+ 0-1

[Event "Barcelona Sant Marti op-B 23rd"]
[Site "Barcelona"]
[Date "2023.07.16"]
[Round "4"]
[White "Carrey Abellan, Enric"]
[Black "Codina Garcia, Jose"]
[Result "0-1"]
[WhiteElo "1694"]
[BlackElo "1867"]
[PlyCount "74"]
[EventDate "2023.07.13"]
[EventType "swiss"]
[EventRounds "9"]
[EventCountry "ESP"]
[SourceTitle "CBM 215 Extra"]
[Source "ChessBase"]
[SourceDate "2023.09.30"]
[SourceVersion "1"]
[SourceVersionDate "2023.09.30"]
[SourceQuality "1"]

1. d4 Nf6 2. c4 e6 3. Nc3 Bb4 4. Qc2 d5 5. a3 Bxc3+ 6. Qxc3 0-0 7. Nf3 dxc4 8. Qxc4 b6 9. Bf4 Ba6 10. Qxc7 Qd5 11. Qc3 Rc8 12. Qd2 Nc6 13. e3 Ne4 14. Qd1 Bxf1 15. Kxf1 Na5 16. Kg1 Nb3 17. Rb1 f6 18. h4 Rc6 19. Bg3 Rac8 20. Kh2 Rc2 21. Qe1 Qc4 22. Rg1 Re2 23. Qd1 Nxf2 24. Bxf2 Rxf2 25. Kg3 Rc2 26. Ne1 Re2 27. Nf3 Rxe3 28. Re1 Rxe1 29. Qxe1 Kf7 30. Qe3 Nc1 31. Qf2 Qd3 32. Ra1 Rc2 33. Qe1 Ne2+ 34. Kh2 Nf4 35. Qf1 Qxf1 36. Rxf1 Rxg2+ 37. Kh1 Rxb2 0-1

[Event "Barcelona Tres Peons op 22nd"]
[Site "Barcelona"]
[Date "2020.02.19"]
[Round "7"]
[White "Carrey Abellan, Enric"]
[Black "Cespedes Llaverias, Llibert"]
[Result "0-1"]
[WhiteElo "1753"]
[BlackElo "2009"]
[PlyCount "72"]
[EventDate "2020.01.08"]
[EventType "swiss"]
[EventRounds "9"]
[EventCountry "ESP"]
[SourceTitle "CBM 195 Extra"]
[Source "ChessBase"]
[SourceDate "2020.05.31"]
[SourceVersion "1"]
[SourceVersionDate "2020.05.31"]
[SourceQuality "1"]

1. d4 Nf6 2. c4 e6 3. Nc3 Bb4 4. Qc2 0-0 5. a3 Bxc3+ 6. Qxc3 d5 7. Bg5 dxc4 8. Qxc4 b6 9. Nf3 Ba6 10. Qc2 c5 11. dxc5 Qc7 12. g3 bxc5 13. Bg2 Nbd7 14. 0-0 h6 15. Bc1 Qb6 16. h3 Rab8 17. Rb1 Qb3 18. Qxb3 Rxb3 19. Re1 Rfb8 20. Nd2 R3b6 21. Ne4 Nd5 22. Bf1 c4 23. e3 f5 24. Nd2 c3 25. Nc4 Bxc4 26. Bxc4 cxb2 27. Bd2 Ne5 28. Be2 Rb3 29. f4 Nd3 30. Red1 Rxa3 31. Kf1 a5 32. Bxd3 Rxd3 33. Ke2 Ra3 34. Re1 a4 35. Kd1 Rab3 36. e4 a3 0-1

[Event "Sant Adria de Besos op-B 3rd"]
[Site "Sant Adria de Besos"]
[Date "2019.08.15"]
[Round "2"]
[White "Flores Munoz, Daniel"]
[Black "Carrey Abellan, Enric"]
[Result "1/2-1/2"]
[WhiteElo "1607"]
[BlackElo "1794"]
[PlyCount "98"]
[EventDate "2019.08.14"]
[EventType "swiss"]
[EventRounds "9"]
[EventCountry "ESP"]
[SourceTitle "EXT 2020"]
[Source "ChessBase"]
[SourceDate "2019.10.17"]
[SourceVersion "1"]
[SourceVersionDate "2019.10.17"]
[SourceQuality "1"]

1. d4 Nf6 2. Nc3 d5 3. Bg5 e6 4. e4 dxe4 5. Nxe4 Be7 6. Bxf6 Bxf6 7. c3 0-0 8. Bd3 b6 9. Qf3 a6 10. Ne2 Be7 11. 0-0 Bb7 12. Qh3 g6 13. Rad1 Nd7 14. f4 f5 15. Nd2 Nf6 16. Qe3 Qd7 17. Bc4 Nd5 18. Bxd5 exd5 19. Nf3 Rae8 20. Qd2 c5 21. Ne5 Qc7 22. Rfe1 Bd6 23. g3 Re7 24. Nc1 Rfe8 25. Ncd3 a5 26. Nf3 cxd4 27. cxd4 Ba6 28. Rxe7 Rxe7 29. Rc1 Qd7 30. Nde5 Qb5 31. Qf2 Kg7 32. b3 h6 33. Nh4 Re6 34. Qc2 Qb4 35. Qc3 Qxc3 36. Rxc3 Bxe5 37. fxe5 Bb5 38. Kf2 Re7 39. a4 Be8 40. Ng2 g5 41. Ne3 Kg8 42. Kf3 b5 43. axb5 Bxb5 44. Rc5 Rb7 45. Nxd5 a4 46. bxa4 Bxa4 47. Rc3 Rd7 48. Nb6 Rxd4 49. Nxa4 Rxa4 1/2-1/2

[Event "Barcelona Sant Marti op-B 21st"]
[Site "Barcelona"]
[Date "2019.07.20"]
[Round "8"]
[White "Carrey Abellan, Enric"]
[Black "Gonzalez Canovas, Sebastian"]
[Result "1-0"]
[WhiteElo "1822"]
[BlackElo "1574"]
[PlyCount "123"]
[EventDate "2019.07.13"]
[EventType "swiss"]
[EventRounds "9"]
[EventCountry "ESP"]
[SourceTitle "EXT 2020"]
[Source "ChessBase"]
[SourceDate "2019.10.17"]
[SourceVersion "1"]
[SourceVersionDate "2019.10.17"]
[SourceQuality "1"]

1. d4 Nf6 2. c4 g6 3. Nc3 Bg7 4. e4 d6 5. Be2 0-0 6. Bg5 h6 7. Bh4 Nbd7 8. Nf3 c5 9. d5 a6 10. 0-0 g5 11. Bg3 Nh5 12. Qc2 Nxg3 13. hxg3 Ne5 14. Nxe5 Bxe5 15. f4 Bd4+ 16. Kh2 e5 17. f5 f6 18. Bh5 Bd7 19. Rab1 Be8 20. Qe2 Rb8 21. Qf3 Kg7 22. Ne2 Bxh5 23. Qxh5 Qe8 24. Qxe8 Rfxe8 25. b4 b6 26. g4 Rh8 27. Ng3 Kf7 28. Rf3 b5 29. bxc5 Bxc5 30. cxb5 Rxb5 31. Rfb3 Rhb8 32. Ne2 Ke7 33. Kg3 Kd7 34. Kf3 Kc7 35. Ng3 Rxb3+ 36. Rxb3 Rxb3+ 37. axb3 Kd7 38. Ke2 a5 39. Kd3 Bf2 40. Ne2 Kc7 41. Kc4 Be1 42. Kb5 Kb7 43. Nc1 Bd2 44. Nd3 Bc3 45. g3 Kc7 46. Ka6 Kc8 47. Kb6 Kd7 48. Kb7 Bd4 49. b4 axb4 50. Nxb4 Bf2 51. Nc6 Be1 52. Nb8+ Ke7 53. Kc8 Bf2 54. Nc6+ Ke8 55. Kc7 Bc5 56. Nb8 Ke7 57. Nc6+ Ke8 58. Nd8 Bb4 59. Ne6 Ba3 60. Nd8 Bb4 61. Nc6 Ba3 62. Na7 1-0

[Event "Barcelona Sant Marti op-B 21st"]
[Site "Barcelona"]
[Date "2019.07.19"]
[Round "7"]
[White "Iborra Polo, Eric"]
[Black "Carrey Abellan, Enric"]
[Result "1-0"]
[WhiteElo "1539"]
[BlackElo "1822"]
[PlyCount "113"]
[EventDate "2019.07.13"]
[EventType "swiss"]
[EventRounds "9"]
[EventCountry "ESP"]
[SourceTitle "EXT 2020"]
[Source "ChessBase"]
[SourceDate "2019.10.17"]
[SourceVersion "1"]
[SourceVersionDate "2019.10.17"]
[SourceQuality "1"]

1. e4 c5 2. Nf3 e6 3. g3 Qc7 4. Bg2 Nc6 5. Nc3 a6 6. a4 b6 7. d4 cxd4 8. Nxd4 Bb7 9. Nxc6 Bxc6 10. Bf4 d6 11. 0-0 Be7 12. Qe2 Nf6 13. e5 Bxg2 14. Kxg2 dxe5 15. Bxe5 Qc6+ 16. Qf3 Rc8 17. Rfd1 0-0 18. Rd3 Ng4 19. Qxc6 Rxc6 20. Bf4 Bf6 21. h3 Ne5 22. Bxe5 Bxe5 23. Kf3 Bxc3 24. Rxc3 Rxc3+ 25. bxc3 Rc8 26. Ra3 f5 27. Ke3 Kf7 28. Kd4 Rd8+ 29. Ke3 Kf6 30. Rb3 Rd6 31. c4 e5 32. Rd3 Rc6 33. Rb3 Ke6 34. Kd3 Kd6 35. Rb1 Kc7 36. f3 Rc5 37. Kc3 Kc6 38. Kb3 b5 39. cxb5+ axb5 40. a5 Kb7 41. c3 Rd5 42. c4 Rd3+ 43. Kc2 e4 44. fxe4 fxe4 45. cxb5 Rxg3 46. Rd1 Rg5 47. a6+ Kb6 48. Rd6+ Kxb5 49. a7 Rc5+ 50. Kd2 Rc8 51. Rd7 Ka6 52. Rxg7 h5 53. Ke3 Re8 54. Re7 Ra8 55. Kxe4 Rf8 56. Rf7 Rc8 57. Kf5 1-0

[Event "Barcelona Sant Marti op-B 18th"]
[Site "Barcelona"]
[Date "2016.07.21"]
[Round "9.9"]
[White "Carrey Abellan, Enric"]
[Black "Martos Martin, Josep Angel"]
[Result "1-0"]
[WhiteElo "1911"]
[BlackElo "1981"]
[PlyCount "109"]
[EventDate "2016.07.13"]
[EventType "swiss"]
[EventRounds "9"]
[EventCountry "ESP"]
[SourceTitle "EXT 2024"]
[Source "ChessBase"]
[SourceDate "2023.10.10"]
[SourceVersion "1"]
[SourceVersionDate "2023.10.10"]
[SourceQuality "1"]

1. d4 Nf6 2. c4 g6 3. Nc3 Bg7 4. e4 d6 5. Nf3 0-0 6. Be2 e5 7. d5 a5 8. Bg5 h6 9. Bh4 Bd7 10. Nd2 Na6 11. 0-0 Qc8 12. a3 g5 13. Bg3 Ne8 14. Rb1 f5 15. f3 f4 16. Bf2 h5 17. g4 Rf6 18. h3 Rh6 19. Kg2 Nf6 20. Rh1 Qe8 21. b4 a4 22. c5 Qg6 23. cxd6 cxd6 24. Rc1 Nc7 25. Nc4 Nb5 26. Nb6 Nxc3 27. Rxc3 Rd8 28. Nxd7 Rxd7 29. Qxa4 hxg4 30. hxg4 Rxh1 31. Kxh1 Bf8 32. Bf1 Rh7+ 33. Kg1 Qh6 34. Bg2 Qh2+ 35. Kf1 Qh6 36. Qc2 Qg6 37. Rc7 Rh2 38. Bg1 Rh6 39. Rxb7 Nxd5 40. Qc4 Kh8 41. Qxd5 Qe8 42. b5 Qc8 43. Qc6 Qe6 44. Rb8 Rf6 45. Qd5 Qd7 46. Bf2 Qc7 47. Rb7 Qc1+ 48. Be1 Qxa3 49. Rf7 Rxf7 50. Qxf7 Qd3+ 51. Kg1 Qe3+ 52. Bf2 Qc1+ 53. Bf1 Bg7 54. b6 Qb2 55. b7 1-0

[Event "Barcelona Sant Marti op-B 18th"]
[Site "Barcelona"]
[Date "2016.07.15"]
[Round "3.30"]
[White "Carrey Abellan, Enric"]
[Black "Berengeno Vierge, Rodolfo"]
[Result "1-0"]
[WhiteElo "1911"]
[BlackElo "1699"]
[PlyCount "57"]
[EventDate "2016.07.13"]
[EventType "swiss"]
[EventRounds "9"]
[EventCountry "ESP"]
[SourceTitle "EXT 2024"]
[Source "ChessBase"]
[SourceDate "2023.10.10"]
[SourceVersion "1"]
[SourceVersionDate "2023.10.10"]
[SourceQuality "1"]

1. d4 Nf6 2. c4 g6 3. Nc3 d5 4. cxd5 Nxd5 5. e4 Nxc3 6. bxc3 Bg7 7. Bg5 c5 8. Rc1 cxd4 9. cxd4 0-0 10. Nf3 Bg4 11. d5 Nd7 12. h3 Bxf3 13. Qxf3 Ne5 14. Qa3 Bf6 15. Bh6 Bg7 16. Bg5 Bf6 17. Bxf6 exf6 18. Be2 a6 19. 0-0 g5 20. Qg3 Kg7 21. f4 Ng6 22. fxg5 fxg5 23. Rf5 h6 24. Bh5 Nf4 25. Rxf4 f5 26. Rxf5 Rxf5 27. Rc7+ Kg8 28. exf5 Qxd5 29. Qc3 1-0

[Event "Barcelona Sant Marti op-B 18th"]
[Site "Barcelona"]
[Date "2016.07.14"]
[Round "2.9"]
[White "Martinez Hernandez, Emili"]
[Black "Carrey Abellan, Enric"]
[Result "1-0"]
[WhiteElo "1796"]
[BlackElo "1911"]
[PlyCount "67"]
[EventDate "2016.07.13"]
[EventType "swiss"]
[EventRounds "9"]
[EventCountry "ESP"]
[SourceTitle "EXT 2024"]
[Source "ChessBase"]
[SourceDate "2023.10.10"]
[SourceVersion "1"]
[SourceVersionDate "2023.10.10"]
[SourceQuality "1"]

1. d4 Nf6 2. Bg5 e6 3. e3 Be7 4. Bd3 b6 5. Qe2 Bb7 6. f3 d5 7. Nd2 Nbd7 8. f4 0-0 9. Ngf3 c5 10. c3 Rc8 11. 0-0 h6 12. Bxf6 Nxf6 13. Ne5 Ne4 14. Nxe4 dxe4 15. Ba6 Qc7 16. a4 Bd6 17. a5 Bxe5 18. fxe5 Rb8 19. axb6 axb6 20. Bxb7 Rxb7 21. Qc2 cxd4 22. exd4 Qc6 23. Rf4 e3 24. Rf3 Rd8 25. Qe2 b5 26. Qxe3 b4 27. Rg3 Kh8 28. Rf1 bxc3 29. bxc3 Qc4 30. h3 Rc8 31. Rf6 h5 32. Rh6+ Kg8 33. Rxg7+ Kf8 34. Qg5 1-0

[Event "Barcelona Sant Marti op-B 18th"]
[Site "Barcelona"]
[Date "2016.07.13"]
[Round "1.11"]
[White "Carrey Abellan, Enric"]
[Black "Pascual Gonzalez, Novelles David"]
[Result "1-0"]
[WhiteElo "1911"]
[BlackElo "1650"]
[PlyCount "75"]
[EventDate "2016.07.13"]
[EventType "swiss"]
[EventRounds "9"]
[EventCountry "ESP"]
[SourceTitle "EXT 2024"]
[Source "ChessBase"]
[SourceDate "2023.10.10"]
[SourceVersion "1"]
[SourceVersionDate "2023.10.10"]
[SourceQuality "1"]

1. d4 d5 2. c4 c6 3. Nc3 Nf6 4. e3 e6 5. Nf3 Nbd7 6. Bd3 Be7 7. 0-0 dxc4 8. Bxc4 Nd5 9. e4 Nxc3 10. bxc3 0-0 11. Qc2 b5 12. Bd3 f6 13. Bf4 Nb6 14. Rfd1 Qe8 15. Nd2 Nd7 16. a4 Qh5 17. axb5 cxb5 18. Qb3 Nb6 19. Qxb5 Qg4 20. Bg3 Bd7 21. Qb1 Na4 22. Rc1 f5 23. exf5 exf5 24. Qb3+ Kh8 25. Rxa4 Bxa4 26. Qxa4 f4 27. h3 Qe6 28. Bh2 Rab8 29. Nf3 Rb2 30. Re1 Qd6 31. Qxa7 Bf6 32. Qa4 Qb8 33. Qa5 g6 34. g4 fxg3 35. Bxg3 Qb7 36. Ne5 Ra8 37. Qc5 Rba2 38. Be4 1-0

[Event "Barcelona Sant Marti op-B 17th"]
[Site "Barcelona"]
[Date "2015.07.15"]
[Round "3"]
[White "Carrey Abellan, Enric"]
[Black "Domenche Redondo, Francesco"]
[Result "1/2-1/2"]
[WhiteElo "2022"]
[BlackElo "1947"]
[PlyCount "106"]
[EventDate "2015.07.13"]
[EventType "swiss"]
[EventRounds "9"]
[EventCountry "ESP"]
[SourceTitle "EXT 2016"]
[Source "ChessBase"]
[SourceDate "2015.10.08"]
[SourceVersion "1"]
[SourceVersionDate "2015.10.08"]
[SourceQuality "1"]

1. d4 d5 2. c4 c6 3. Nc3 Nf6 4. e3 Bf5 5. Nf3 e6 6. Qb3 Qb6 7. c5 Qc7 8. Be2 h6 9. Bd2 Nbd7 10. 0-0 Be7 11. Qa4 Ne4 12. b4 Nxc3 13. Bxc3 a6 14. Qb3 0-0 15. a4 Rfb8 16. Rfc1 Bf6 17. b5 Qc8 18. Ba5 Bd8 19. Bxd8 Qxd8 20. h3 Qe7 21. Qb2 Bh7 22. Rc3 Qe8 23. Rb3 a5 24. Raa3 f6 25. Nd2 e5 26. bxc6 bxc6 27. Rxb8 Rxb8 28. Rb3 exd4 29. Rxb8 Nxb8 30. Qxd4 Bc2 31. Qc3 Bxa4 32. Qxa5 Bc2 33. Nf3 Bf5 34. Qc7 Qc8 35. Qd6 Qf8 36. Qf4 Be4 37. Nd4 Nd7 38. Nxc6 Qxc5 39. Nd4 Ne5 40. Bg4 Nxg4 41. Qxg4 Qe7 42. Qe6+ Qxe6 43. Nxe6 Kf7 44. Nc7 Ke7 45. f3 Kd7 46. fxe4 Kxc7 47. exd5 f5 48. g4 g6 49. gxf5 gxf5 50. Kf2 Kd6 51. Kf3 Kxd5 52. Kf4 Ke6 53. h4 Kf6 1/2-1/2

[Event "Foment Martinenc op-B 17th"]
[Site "Barcelona"]
[Date "2015.05.23"]
[Round "5"]
[White "Sanchez Coves, Juan Josep"]
[Black "Carrey Abellan, Enric"]
[Result "0-1"]
[WhiteElo "1894"]
[BlackElo "2029"]
[PlyCount "174"]
[EventDate "2015.04.25"]
[EventType "swiss"]
[EventRounds "9"]
[EventCountry "ESP"]
[SourceTitle "EXT 2017"]
[Source "ChessBase"]
[SourceDate "2016.10.25"]
[SourceVersion "1"]
[SourceVersionDate "2016.10.25"]
[SourceQuality "1"]

1. Nf3 c5 2. e4 Nc6 3. Bb5 g6 4. Bxc6 bxc6 5. d3 Bg7 6. c3 Nf6 7. Nbd2 Ba6 8. Nb3 d6 9. e5 Nd5 10. c4 Nb6 11. Qe2 0-0 12. Bf4 Qd7 13. 0-0 Rad8 14. Rfe1 Na4 15. Rad1 d5 16. Ng5 Qf5 17. e6 f6 18. Nh3 dxc4 19. dxc4 Rxd1 20. Rxd1 Bc8 21. Re1 g5 22. g4 Qg6 23. Bg3 f5 24. gxf5 Qxf5 25. Qh5 h6 26. f4 Bxe6 27. Nf2 Bf7 28. Qh3 Qxh3 29. Nxh3 gxf4 30. Bxf4 Re8 31. Be5 Bxc4 32. Bxg7 Kxg7 33. Na5 Bd5 34. Nb7 Kf6 35. b3 Nc3 36. Nxc5 e5 37. Kf2 Kf5 38. Ke3 Rg8 39. Rf1+ Kg6 40. Nf2 Kh5 41. Nfe4 Nxe4 42. Nxe4 Bxe4 43. Kxe4 Rg5 44. Rf2 Kg4 45. Rf6 h5 46. Rxc6 Kh3 47. Rc2 h4 48. a4 Rg2 49. Rc3+ Kxh2 50. Kxe5 Rg3 51. Rc2+ Kg1 52. Rc1+ Kf2 53. Kf4 Rxb3 54. Rc2+ Ke1 55. Rh2 Rb4+ 56. Ke3 Rb3+ 57. Kf4 h3 58. Ra2 a5 59. Kg4 Kd1 60. Kf4 Kc1 61. Rh2 Kb1 62. Ke4 Ra3 63. Rh1+ Kb2 64. Rh2+ Kb3 65. Rxh3+ Kxa4 66. Rh6 Rb3 67. Kd4 Ka3 68. Ra6 a4 69. Kc4 Rb4+ 70. Kc3 Rh4 71. Kc2 Ka2 72. Ra5 a3 73. Rb5 Rh2+ 74. Kc1 Rb2 75. Ra5 Rb3 76. Rh5 Ka1 77. Kc2 Rg3 78. Rb5 Rg6 79. Rb1+ Ka2 80. Rb5 Rc6+ 81. Kd1 Rc3 82. Rf5 Kb2 83. Rf2+ Kb3 84. Rf7 a2 85. Rb7+ Ka3 86. Ra7+ Kb2 87. Kd2 Rb3 0-1

[Event "Foment Martinenc op-B 17th"]
[Site "Barcelona"]
[Date "2015.05.09"]
[Round "3"]
[White "Carrey Abellan, Enric"]
[Black "Bernat Pascual, Magi"]
[Result "1-0"]
[WhiteElo "2029"]
[BlackElo "1879"]
[PlyCount "65"]
[EventDate "2015.04.25"]
[EventType "swiss"]
[EventRounds "9"]
[EventCountry "ESP"]
[SourceTitle "EXT 2017"]
[Source "ChessBase"]
[SourceDate "2016.10.25"]
[SourceVersion "1"]
[SourceVersionDate "2016.10.25"]
[SourceQuality "1"]

1. d4 d5 2. c4 c6 3. Nc3 Nf6 4. e3 Bf5 5. Nf3 e6 6. Qb3 Qc7 7. Be2 Bd6 8. cxd5 cxd5 9. Nb5 Qd7 10. Nxd6+ Qxd6 11. Qxb7 Qc6 12. Bb5 Qxb5 13. Qxb5+ Nbd7 14. Ne5 Rd8 15. Bd2 0-0 16. Nxd7 Rxd7 17. 0-0 Rdd8 18. Qa5 Rb8 19. b3 Ne4 20. Rac1 h6 21. f3 Nd6 22. Rc7 Nb5 23. Rc5 Bd3 24. Rfc1 Nd6 25. R1c3 Bf5 26. Qa6 Rfd8 27. Rc6 Nb5 28. R3c5 Bd3 29. a4 Nxd4 30. Qxd3 Nxc6 31. Rxc6 Rb7 32. b4 Rdb8 33. Qc2 1-0

[Event "Foment Martinenc op-B 17th"]
[Site "Barcelona"]
[Date "2015.04.25"]
[Round "1"]
[White "Carrey Abellan, Enric"]
[Black "Pera Muntasell, Marc"]
[Result "1/2-1/2"]
[WhiteElo "2029"]
[BlackElo "1893"]
[PlyCount "97"]
[EventDate "2015.04.25"]
[EventType "swiss"]
[EventRounds "9"]
[EventCountry "ESP"]
[SourceTitle "EXT 2017"]
[Source "ChessBase"]
[SourceDate "2016.10.25"]
[SourceVersion "1"]
[SourceVersionDate "2016.10.25"]
[SourceQuality "1"]

1. d4 d5 2. c4 e6 3. Nc3 Nf6 4. Bg5 Nbd7 5. e3 Be7 6. Nf3 0-0 7. cxd5 exd5 8. Bd3 b6 9. 0-0 Bb7 10. Rc1 h6 11. Bh4 c5 12. b3 Rc8 13. h3 Ne4 14. Bxe7 Qxe7 15. dxc5 Rxc5 16. Ne2 Rxc1 17. Qxc1 Rc8 18. Qb2 Ndc5 19. Bb1 b5 20. a3 a5 21. Nfd4 b4 22. Nf5 Qg5 23. axb4 axb4 24. Qe5 Kf8 25. h4 Qf6 26. Qxf6 Nxf6 27. Ned4 Nfe4 28. Bxe4 dxe4 29. Rc1 Nd3 30. Rxc8+ Bxc8 31. Nd6 Ba6 32. Nxe4 g6 33. Nf6 h5 34. Nc2 Bb7 35. e4 Ke7 36. Nd5+ Bxd5 37. exd5 Kd6 38. Kf1 Kxd5 39. Ke2 Nc1+ 40. Ke3 Nxb3 41. Nxb4+ Ke5 42. Nd3+ Kf5 43. f3 Na5 44. Nf2 Nc4+ 45. Ke2 Kf4 46. Ne4 Ne5 47. g3+ Kf5 48. Ke3 Nc4+ 49. Kd4 1/2-1/2